| 000 -LEADER |
| fixed length control field |
02222cam a22003498i 4500 |
| 001 - CONTROL NUMBER |
| control field |
18015488 |
| 003 - CONTROL NUMBER IDENTIFIER |
| control field |
USPCAS-E |
| 005 - DATE AND TIME OF LATEST TRANSACTION |
| control field |
20180118181412.0 |
| 008 - FIXED-LENGTH DATA ELEMENTS--GENERAL INFORMATION |
| fixed length control field |
140122s2014 flu b 001 0 eng |
| 010 ## - LIBRARY OF CONGRESS CONTROL NUMBER |
| LC control number |
2014002290 |
| 020 ## - INTERNATIONAL STANDARD BOOK NUMBER |
| International Standard Book Number |
9781482232226 (hardback) |
| 040 ## - CATALOGING SOURCE |
| Original cataloging agency |
DLC |
| Language of cataloging |
eng |
| Transcribing agency |
DLC |
| Description conventions |
rda |
| 042 ## - AUTHENTICATION CODE |
| Authentication code |
pcc |
| 050 00 - LIBRARY OF CONGRESS CALL NUMBER |
| Classification number |
TK3001 |
| Item number |
.G583 2014 |
| 082 00 - DEWEY DECIMAL CLASSIFICATION NUMBER |
| Classification number |
621.319 |
| Edition number |
23 |
| Author Mark |
GON-E 2014 |
| 084 ## - OTHER CLASSIFICATION NUMBER |
| Classification number |
MED084000 |
| -- |
MED073000 |
| -- |
HEA000000 |
| Number source |
bisacsh |
| 100 1# - MAIN ENTRY--PERSONAL NAME |
| Personal name |
Gönen, Turan. |
| 245 10 - TITLE STATEMENT |
| Title |
Electrical power transmission system engineering : |
| Remainder of title |
analysis and design / |
| Statement of responsibility, etc. |
author, Turan Gonen. |
| 250 ## - EDITION STATEMENT |
| Edition statement |
Third edition. |
| 263 ## - PROJECTED PUBLICATION DATE |
| Projected publication date |
1111 |
| 300 ## - PHYSICAL DESCRIPTION |
| Extent |
pages cm |
| 502 ## - DISSERTATION NOTE |
| Dissertation note |
0 |
| 504 ## - BIBLIOGRAPHY, ETC. NOTE |
| Bibliography, etc. note |
Includes bibliographical references and index. |
| 520 ## - SUMMARY, ETC. |
| Summary, etc. |
"A hands-on electrical and mechanical design text for engineering students and practicing professionals, Electrical Power Transmission System Engineering: Analysis and Design, Third Edition features additional examples of fault analysis, a detailed discussion of flexible alternating current transmission systems, and expanded coverage of the structures, equipment, and environmental impact of transmission lines. The author clearly and carefully explains basic material to build a solid foundation of the fundamentals before tackling key topics including transmission system planning, supervisory control and data acquisition, the use of static compensation to prevent voltage collapse or instability, overhead power transmission line modeling and construction, sag and tension analysis, underground power transmission and gas insulated transmission lines, direct current power transmission, transient overvoltages, limiting factors for extra-high and ultra-high voltage transmission, symmetrical components, transmission system protection, reliability, and more"-- |
| 650 #0 - SUBJECT ADDED ENTRY--TOPICAL TERM |
| Topical term or geographic name entry element |
Electric power transmission. |
| 650 #7 - SUBJECT ADDED ENTRY--TOPICAL TERM |
| Topical term or geographic name entry element |
MEDICAL / Sports Medicine. |
| Source of heading or term |
bisacsh |
| 650 #7 - SUBJECT ADDED ENTRY--TOPICAL TERM |
| Topical term or geographic name entry element |
MEDICAL / Physical Medicine & Rehabilitation. |
| Source of heading or term |
bisacsh |
| 650 #7 - SUBJECT ADDED ENTRY--TOPICAL TERM |
| Topical term or geographic name entry element |
HEALTH & FITNESS / General. |
| Source of heading or term |
bisacsh |
| 906 ## - LOCAL DATA ELEMENT F, LDF (RLIN) |
| a |
0 |
| b |
vip |
| c |
orignew |
| d |
1 |
| e |
ecip |
| f |
20 |
| g |
y-gencatlg |
| 942 ## - ADDED ENTRY ELEMENTS (KOHA) |
| Source of classification or shelving scheme |
|
| Koha item type |
Book |